Kostlichkeiten aus dem Munchener Residenz Museum (Record no. 7489)
[ view plain ]
| 000 -CABECERA | |
|---|---|
| campo de control de longitud fija | 00742nam a2200241 a 4500 |
| 001 - NÚMERO DE CONTROL | |
| campo de control | BRCA_7815 |
| 005 - FECHA Y HORA DE LA ÚLTIMA TRANSACCIÓN | |
| campo de control | 20190320210016.0 |
| 008 - DATOS DE LONGITUD FIJA--INFORMACIÓN GENERAL | |
| campo de control de longitud fija | 171013s1922----gw-a######---#000-0#ger-# |
| 041 ## - CÓDIGO DE LENGUA | |
| Código de lengua del texto/banda sonora o título independiente | ger |
| 044 ## - CÓDIGO DEL PAÍS DE LA ENTIDAD EDITORA/PRODUCTORA | |
| Código MARC del país | gw |
| 050 #4 - SIGNATURA TOPOGRÁFICA DE LA BIBLIOTECA DEL CONGRESO | |
| Número de clasificación | N2333 |
| Número de documento/Ítem | .H38 1922 |
| 100 1# - ENTRADA PRINCIPAL--NOMBRE DE PERSONA | |
| Nombre de persona | Hausladen, Armin |
| 9 (RLIN) | 19355 |
| 245 10 - MENCIÓN DE TÍTULO | |
| Título | Kostlichkeiten aus dem Munchener Residenz Museum |
| Mención de responsabilidad, etc. | Armin Hausladen ; impresiones de luz por J. B. Obernetter. |
| 260 ## - PUBLICACIÓN, DISTRIBUCIÓN, ETC. | |
| Lugar de publicación, distribución, etc. | Múnich |
| Nombre del editor, distribuidor, etc. | Praktische Kunstwissenschaft |
| Fecha de publicación, distribución, etc. | 1922 |
| 300 ## - DESCRIPCIÓN FÍSICA | |
| Extensión | 129 p. |
| Otras características físicas | il., 59 láminas |
| Dimensiones | 29 cm. |
| 500 ## - NOTA GENERAL | |
| Nota general | Y2 |
| 610 24 - PUNTO DE ACCESO ADICIONAL DE MATERIA--NOMBRE DE ENTIDAD CORPORATIVA | |
| Nombre de entidad corporativa o nombre de jurisdicción como elemento de entrada | Residenzmuseum (Múnich) |
| 9 (RLIN) | 19356 |
| 650 14 - PUNTO DE ACCESO ADICIONAL DE MATERIA--TÉRMINO DE MATERIA | |
| Término de materia o nombre geográfico como elemento de entrada | Arte |
| Subdivisión geográfica | Múnich |
| 9 (RLIN) | 18248 |
| 650 14 - PUNTO DE ACCESO ADICIONAL DE MATERIA--TÉRMINO DE MATERIA | |
| Término de materia o nombre geográfico como elemento de entrada | Galerías y museos |
| Subdivisión geográfica | Alemania |
| 9 (RLIN) | 5059 |
| 700 1# - PUNTO DE ACCESO ADICIONAL--NOMBRE DE PERSONA | |
| Nombre de persona | Obernetter, J. B. |
| 9 (RLIN) | 19357 |
| 902 ## - CATALOGADOR | |
| Iniciales | GFM |
| 942 ## - ELEMENTOS DE PUNTO DE ACCESO ADICIONAL (KOHA) | |
| Fuente del sistema de clasificación o colocación | Library of Congress Classification |
| Tipo de ítem Koha | Libros |
| Estado de retiro | Estado de pérdida | Estado dañado | No para préstamo | Localización permanente | Ubicación/localización actual | Fecha de adquisición | Número de inventario | Total de préstamos | Signatura topográfica completa | Código de barras | Fecha visto por última vez | Precio válido a partir de | Tipo de ítem Koha |
|---|---|---|---|---|---|---|---|---|---|---|---|---|---|
| El ejemplar forma parte de la colección y puede ser consultado según las políticas vigentes. | Biblioteca del Museo Franz Mayer (Rogerio Casas-Alatriste) | Biblioteca del Museo Franz Mayer (Rogerio Casas-Alatriste) | 17/10/2013 | Y2 | N2333 .H38 1922 (Y2) | 8424 | 22/03/2019 | 22/03/2019 | Libros |